=LDR 00000nam 2200000 4500 =001 INLIS000000000016831 =005 20250115023751 =035 ##$$a 0010-061300000016831 =008 250115################g##########0#ind## =041 ##$$a Ind =082 ##$$a 2x3.132 =090 ##$$a 2x3.132, Jan h =100 1#$$a Jauziyah, Ibnu Qayyim Al =245 1#$$a Hukuman penghina islam /$c Ibnu Qayyim Al-Jauziyah ; penerjemah, Hawin Muzsadha =260 ##$$a Solo :$b Pustaka At-Tibyan,$c [s.a] =300 ##$$a 100 hlm, ; $c 18 x 12 cm. =650 #4$$a Mahluk Yang Ingkar =850 ##$$a NBPNMAT =084 ##$$a 2x3.132 JAU h =250 ##$$a cet. 1 =700 #$$a Hawin Muzsadha =990 ##$$a 20403570 =990 ##$$a 20403569 =990 ##$$a 20403572 =990 ##$$a 20403571